[Event "DEM U16w 2018"]
[Site "Willingen GER"]
[Date "2018.05.22"]
[Round "4"]
[White "Ziegenfuß, Larissa"]
[Black "Ehmann, Johanna"]
[Result "1-0"]
[Termination "normal"]
[Board "8"]
[WhiteElo "1671"]
[BlackElo "1899"]
[WhiteClock "01:19:44"]
[BlackClock "01:23:04"]
[PlyCount "29"]
[WhiteFideId "12974722"]
[BlackFideId "12953130"]
[EventCountry "GER"]
[EventRounds "9"]
[EventType "swiss"]
[EventDate "2018.05.19"]

1. e4 {[%clk 1:30:59]} 1... e5 {[%clk 1:30:54]} 2. Nf3 {[%clk 1:31:24]} 2...
Nc6 {[%clk 1:31:16]} 3. Bc4 {[%clk 1:31:49]} 3... Bc5 {[%clk 1:31:38]} 4. c3 {
[%clk 1:32:14]} 4... Nf6 {[%clk 1:32:01]} 5. d4 {[%clk 1:32:26]} 5... exd4 {
[%clk 1:32:22]} 6. O-O {[%clk 1:32:24]} 6... d5 {[%clk 1:27:50]} 7. exd5 {
[%clk 1:31:21]} 7... Nxd5 {[%clk 1:25:31]} 8. Qb3 {[%clk 1:30:25]} 8... Nce7 {
[%clk 1:23:10]} 9. Qb5+ {[%clk 1:29:09]} 9... c6 {[%clk 1:21:31]} 10. Qxc5 {
[%clk 1:27:52]} 10... dxc3 {[%clk 1:21:39]} 11. Bxd5 {[%clk 1:23:14]} 11...
Nxd5 {[%clk 1:21:58]} 12. Nxc3 {[%clk 1:21:59]} 12... Be6 {[%clk 1:22:14]} 13.
Nxd5 {[%clk 1:21:13]} 13... Bxd5 {[%clk 1:22:38]} 14. Re1+ {[%clk 1:21:02]}
14... Be6 {[%clk 1:23:04]} 15. Nd4 {[%clk 1:19:44]} 1-0

[Event "DEM U16w 2018"]
[Site "Willingen GER"]
[Date "2018.05.22"]
[Round "4"]
[White "Naumenko, Valerija"]
[Black "Berelowitsch, Dana"]
[Result "0-1"]
[Termination "normal"]
[Board "9"]
[WhiteElo "1611"]
[BlackElo "1698"]
[WhiteClock "00:24:11"]
[BlackClock "00:06:16"]
[PlyCount "70"]
[WhiteFideId "16222890"]
[BlackFideId "12977144"]
[EventCountry "GER"]
[EventRounds "9"]
[EventType "swiss"]
[EventDate "2018.05.19"]

1. e4 {[%clk 1:30:58]} 1... c5 {[%clk 1:30:56]} 2. Nf3 {[%clk 1:31:24]} 2... g6
{[%clk 1:31:20]} 3. c3 {[%clk 1:31:51]} 3... Bg7 {[%clk 1:31:43]} 4. d4 { [%clk
1:32:17]} 4... cxd4 {[%clk 1:32:08]} 5. cxd4 {[%clk 1:32:42]} 5... d5 { [%clk
1:32:02]} 6. e5 {[%clk 1:32:59]} 6... Nh6 {[%clk 1:29:52]} 7. h3 { [%clk
1:28:19]} 7... O-O {[%clk 1:29:26]} 8. Bd3 {[%clk 1:19:27]} 8... Nc6 { [%clk
1:27:47]} 9. Nc3 {[%clk 1:09:36]} 9... Nf5 {[%clk 1:13:01]} 10. Bxf5 { [%clk
1:03:19]} 10... Bxf5 {[%clk 1:13:17]} 11. O-O {[%clk 1:03:41]} 11... f6 { [%clk
0:52:54]} 12. Re1 {[%clk 1:00:57]} 12... fxe5 {[%clk 0:48:33]} 13. dxe5 { [%clk
1:01:21]} 13... d4 {[%clk 0:30:11]} 14. Nb5 {[%clk 1:00:17]} 14... d3 { [%clk
0:27:22]} 15. Qb3+ {[%clk 0:54:41]} 15... Kh8 {[%clk 0:27:25]} 16. Bd2 { [%clk
0:54:52]} 16... a6 {[%clk 0:25:27]} 17. Nc3 {[%clk 0:53:05]} 17... Nd4 { [%clk
0:22:53]} 18. Nxd4 {[%clk 0:51:20]} 18... Qxd4 {[%clk 0:23:12]} 19. Qd5 { [%clk
0:35:20]} 19... Qh4 {[%clk 0:18:42]} 20. Nd1 {[%clk 0:30:43]} 20... Rac8 {[%clk
0:14:59]} 21. Bc3 {[%clk 0:30:53]} 21... b5 {[%clk 0:13:54]} 22. a3 { [%clk
0:30:44]} 22... Rc4 {[%clk 0:13:13]} 23. f3 {[%clk 0:27:44]} 23... Qg3 { [%clk
0:11:47]} 24. Nf2 {[%clk 0:27:36]} 24... Rh4 {[%clk 0:11:10]} 25. Ne4 { [%clk
0:27:50]} 25... Bxe4 {[%clk 0:10:22]} 26. Rxe4 {[%clk 0:28:10]} 26... Rxh3
{[%clk 0:09:37]} 27. Rg4 {[%clk 0:28:11]} 27... Qh2+ {[%clk 0:09:14]} 28. Kf2
{[%clk 0:28:34]} 28... Rhxf3+ {[%clk 0:08:46]} 29. Qxf3 {[%clk 0:28:55]} 29...
Rxf3+ {[%clk 0:09:09]} 30. Kxf3 {[%clk 0:29:20]} 30... Bxe5 { [%clk 0:08:43]}
31. Ke3 {[%clk 0:27:45]} 31... Bxc3 {[%clk 0:07:56]} 32. bxc3 { [%clk 0:28:10]}
32... Qd6 {[%clk 0:07:20]} 33. Kd2 {[%clk 0:24:33]} 33... e5 { [%clk 0:06:41]}
34. a4 {[%clk 0:24:51]} 34... Qc6 {[%clk 0:06:07]} 35. Kxd3 { [%clk 0:24:11]}
35... Qd7+ {[%clk 0:06:16]} 0-1

[Event "DEM U16w 2018"]
[Site "Willingen GER"]
[Date "2018.05.22"]
[Round "4"]
[White "Schiewe, Nadin"]
[Black "Puls, Luisa"]
[Result "1/2-1/2"]
[Termination "normal"]
[Board "10"]
[WhiteElo "1598"]
[BlackElo "1408"]
[WhiteClock "00:41:57"]
[BlackClock "00:10:11"]
[PlyCount "55"]
[WhiteFideId "16209079"]
[BlackFideId "16266005"]
[EventCountry "GER"]
[EventRounds "9"]
[EventType "swiss"]
[EventDate "2018.05.19"]

1. e4 {[%clk 1:30:57]} 1... c6 {[%clk 1:30:55]} 2. d4 {[%clk 1:31:22]} 2... d5
{[%clk 1:31:20]} 3. exd5 {[%clk 1:31:45]} 3... cxd5 {[%clk 1:31:43]} 4. Bd3 {
[%clk 1:32:01]} 4... Nf6 {[%clk 1:31:03]} 5. h3 {[%clk 1:32:09]} 5... Nc6 {
[%clk 1:30:48]} 6. c3 {[%clk 1:32:24]} 6... e6 {[%clk 1:30:10]} 7. Bf4 { [%clk
1:32:09]} 7... Be7 {[%clk 1:27:35]} 8. Nf3 {[%clk 1:31:57]} 8... O-O { [%clk
1:25:43]} 9. Nbd2 {[%clk 1:31:53]} 9... b6 {[%clk 1:20:10]} 10. O-O { [%clk
1:31:40]} 10... Re8 {[%clk 1:14:58]} 11. Re1 {[%clk 1:29:25]} 11... Bb7 { [%clk
1:11:10]} 12. Qa4 {[%clk 1:22:25]} 12... a6 {[%clk 1:03:48]} 13. Qc2 { [%clk
1:14:19]} 13... b5 {[%clk 0:57:40]} 14. Ne5 {[%clk 1:13:30]} 14... Rc8 { [%clk
0:46:28]} 15. Ndf3 {[%clk 1:11:52]} 15... Nb4 {[%clk 0:42:35]} 16. Qe2 { [%clk
1:09:56]} 16... Nxd3 {[%clk 0:42:00]} 17. Qxd3 {[%clk 1:10:12]} 17... Ne4
{[%clk 0:37:17]} 18. Nd2 {[%clk 1:06:19]} 18... Bg5 {[%clk 0:30:34]} 19. Qe3 {
[%clk 1:03:40]} 19... Bxf4 {[%clk 0:28:08]} 20. Qxf4 {[%clk 1:03:56]} 20... Qf6
{[%clk 0:24:59]} 21. Qxf6 {[%clk 1:02:17]} 21... Nxf6 {[%clk 0:24:34]} 22. Nb3
{[%clk 0:58:54]} 22... Ne4 {[%clk 0:22:17]} 23. f3 {[%clk 0:58:03]} 23... Nd6 {
[%clk 0:22:10]} 24. Nc5 {[%clk 0:57:31]} 24... f6 {[%clk 0:17:28]} 25. Ned3 {
[%clk 0:55:06]} 25... Kf7 {[%clk 0:15:27]} 26. Re2 {[%clk 0:51:45]} 26... Rc7 {
[%clk 0:12:48]} 27. Rae1 {[%clk 0:50:45]} 27... Bc8 {[%clk 0:10:11]} 28. Nf4 {
[%clk 0:41:57]} 1/2-1/2

[Event "DEM U16w 2018"]
[Site "Willingen GER"]
[Date "2018.05.23"]
[Round "5"]
[White "Kobald, Jacqueline"]
[Black "Mönster, Madita"]
[Result "1/2-1/2"]
[Termination "normal"]
[Board "1"]
[WhiteElo "1692"]
[BlackElo "1857"]
[WhiteClock "00:09:57"]
[BlackClock "00:14:03"]
[PlyCount "57"]
[WhiteFideId "12988162"]
[BlackFideId "12947156"]
[EventCountry "GER"]
[EventRounds "9"]
[EventType "swiss"]
[EventDate "2018.05.19"]

1. e4 {[%clk 1:30:56]} 1... c5 {[%clk 1:30:48]} 2. Nf3 {[%clk 1:31:20]} 2... d6
{[%clk 1:31:02]} 3. d4 {[%clk 1:31:41]} 3... cxd4 {[%clk 1:31:25]} 4. Nxd4 {
[%clk 1:32:07]} 4... Nf6 {[%clk 1:31:39]} 5. Nc3 {[%clk 1:32:19]} 5... a6 {
[%clk 1:31:47]} 6. Be2 {[%clk 1:32:19]} 6... e5 {[%clk 1:31:51]} 7. Nb3 { [%clk
1:32:25]} 7... Be7 {[%clk 1:31:49]} 8. O-O {[%clk 1:32:33]} 8... O-O { [%clk
1:31:28]} 9. Kh1 {[%clk 1:32:25]} 9... Nc6 {[%clk 1:22:12]} 10. Be3 { [%clk
1:25:20]} 10... Be6 {[%clk 1:16:12]} 11. f4 {[%clk 1:15:15]} 11... b5 { [%clk
0:58:38]} 12. f5 {[%clk 1:04:40]} 12... Bc8 {[%clk 0:56:47]} 13. Bf3 { [%clk
0:50:00]} 13... Bb7 {[%clk 0:50:17]} 14. a3 {[%clk 0:38:17]} 14... Rc8 { [%clk
0:43:44]} 15. Qe1 {[%clk 0:37:37]} 15... Re8 {[%clk 0:33:19]} 16. Bg5 { [%clk
0:30:00]} 16... Nb8 {[%clk 0:31:06]} 17. Rd1 {[%clk 0:26:34]} 17... Nbd7 {[%clk
0:30:32]} 18. Nc1 {[%clk 0:23:28]} 18... Nb6 {[%clk 0:24:53]} 19. Bxf6 { [%clk
0:19:10]} 19... Bxf6 {[%clk 0:25:02]} 20. N1a2 {[%clk 0:17:46]} 20... Nc4
{[%clk 0:21:16]} 21. b3 {[%clk 0:15:56]} 21... Nb6 {[%clk 0:19:22]} 22. Qd2 {
[%clk 0:15:05]} 22... Be7 {[%clk 0:18:04]} 23. Nb4 {[%clk 0:14:11]} 23... Qc7 {
[%clk 0:17:06]} 24. Nbd5 {[%clk 0:10:52]} 24... Bxd5 {[%clk 0:16:10]} 25. Nxd5
{[%clk 0:11:13]} 25... Nxd5 {[%clk 0:15:33]} 26. Qxd5 {[%clk 0:11:35]} 26...
Qc6 {[%clk 0:15:05]} 27. Rf2 {[%clk 0:10:24]} 27... Qxd5 {[%clk 0:14:25]} 28.
Rxd5 {[%clk 0:10:48]} 28... Rc5 {[%clk 0:14:03]} 29. Rxc5 {[%clk 0:09:57]}
1/2-1/2

[Event "DEM U16w 2018"]
[Site "Willingen GER"]
[Date "2018.05.23"]
[Round "5"]
[White "Müdder, Melanie"]
[Black "Reitz, Theresa"]
[Result "1/2-1/2"]
[Termination "normal"]
[Board "3"]
[WhiteElo "1871"]
[BlackElo "1772"]
[WhiteClock "00:01:26"]
[BlackClock "00:00:41"]
[PlyCount "92"]
[WhiteFideId "12994103"]
[BlackFideId "12971901"]
[EventCountry "GER"]
[EventRounds "9"]
[EventType "swiss"]
[EventDate "2018.05.19"]

1. e4 {[%clk 1:30:58]} 1... d5 {[%clk 1:30:47]} 2. exd5 {[%clk 1:31:14]} 2...
Qxd5 {[%clk 1:31:10]} 3. Nc3 {[%clk 1:31:25]} 3... Qd6 {[%clk 1:31:35]} 4. d4 {
[%clk 1:31:08]} 4... Nf6 {[%clk 1:31:48]} 5. Nf3 {[%clk 1:30:52]} 5... a6 {
[%clk 1:31:55]} 6. Bd3 {[%clk 1:30:33]} 6... b5 {[%clk 1:30:52]} 7. Ne4 { [%clk
1:21:45]} 7... Nxe4 {[%clk 1:20:45]} 8. Bxe4 {[%clk 1:21:59]} 8... Nc6 { [%clk
1:17:16]} 9. Ne5 {[%clk 1:01:48]} 9... Bb7 {[%clk 1:08:52]} 10. O-O { [%clk
0:53:28]} 10... Rd8 {[%clk 1:02:22]} 11. Qf3 {[%clk 0:44:43]} 11... Nxe5 {[%clk
0:59:58]} 12. dxe5 {[%clk 0:44:47]} 12... Bxe4 {[%clk 0:58:12]} 13. Qxe4 {[%clk
0:44:06]} 13... Qd5 {[%clk 0:48:49]} 14. Qe2 {[%clk 0:38:29]} 14... g6 { [%clk
0:37:22]} 15. Bf4 {[%clk 0:29:48]} 15... Qd4 {[%clk 0:33:38]} 16. Qf3 { [%clk
0:21:15]} 16... Qd5 {[%clk 0:29:11]} 17. Qe2 {[%clk 0:20:51]} 17... Qd4 { [%clk
0:27:00]} 18. Qg4 {[%clk 0:17:44]} 18... h5 19. Qf3 {[%clk 0:17:59]} 19... Qd5
{[%clk 0:22:19]} 20. Qe2 {[%clk 0:17:58]} 20... Qd4 {[%clk 0:19:40]} 21. g3
{[%clk 0:15:45]} 21... Qxb2 {[%clk 0:10:07]} 22. e6 {[%clk 0:10:13]} 22... Bg7
{[%clk 0:08:51]} 23. exf7+ {[%clk 0:09:23]} 23... Kxf7 { [%clk 0:08:56]} 24.
Rfe1 {[%clk 0:08:15]} 24... e5 {[%clk 0:04:39]} 25. Bg5 { [%clk 0:06:08]} 25...
Rd6 {[%clk 0:04:15]} 26. Qf3+ {[%clk 0:05:26]} 26... Bf6 {[%clk 0:04:37]} 27.
Rad1 {[%clk 0:04:13]} 27... e4 {[%clk 0:00:54]} 28. Qf4 { [%clk 0:02:50]} 28...
Rhd8 {[%clk 0:00:47]} 29. Rxd6 {[%clk 0:02:24]} 29... Rxd6 {[%clk 0:01:11]} 30.
Bxf6 {[%clk 0:02:07]} 30... Qxf6 {[%clk 0:01:31]} 31. Qxe4 {[%clk 0:02:04]}
31... Rd8 {[%clk 0:00:38]} 32. Qb7 {[%clk 0:01:51]} 32... Rd7 {[%clk 0:00:36]}
33. Qc8 {[%clk 0:01:45]} 33... Qd8 {[%clk 0:00:51]} 34. Qxa6 {[%clk 0:01:46]}
34... Rd1 {[%clk 0:01:05]} 35. Qe6+ {[%clk 0:01:50]} 35... Kg7 {[%clk 0:00:58]}
36. Qe5+ {[%clk 0:02:03]} 36... Kh7 {[%clk 0:00:57]} 37. Qe2 {[%clk 0:01:50]}
37... Rxe1+ {[%clk 0:00:42]} 38. Qxe1 {[%clk 0:02:13]} 38... Qd6 {[%clk
0:00:53]} 39. Qe2 {[%clk 0:01:41]} 39... c6 {[%clk 0:00:45]} 40. Qd3 {[%clk
0:01:26]} 40... Qe6 {[%clk 0:00:41]} 41. Qe3 Qd7 42. Qe4 Qd6 43. Qd3 Qe6 44. h4
Qe7 45. a3 Qe6 46. Kg2 Qe7 1/2-1/2

[Event "DEM U16w 2018"]
[Site "Willingen GER"]
[Date "2018.05.23"]
[Round "5"]
[White "Fock, Amina"]
[Black "Flach, Helene"]
[Result "1/2-1/2"]
[Termination "normal"]
[Board "4"]
[WhiteElo "1789"]
[BlackElo "1891"]
[WhiteClock "00:50:01"]
[BlackClock "00:21:26"]
[PlyCount "107"]
[WhiteFideId "12981982"]
[BlackFideId "12929735"]
[EventCountry "GER"]
[EventRounds "9"]
[EventType "swiss"]
[EventDate "2018.05.19"]

1. e4 {[%clk 1:30:59]} 1... c5 {[%clk 1:30:52]} 2. Nc3 {[%clk 1:31:17]} 2...
Nc6 {[%clk 1:31:03]} 3. Nge2 {[%clk 1:31:25]} 3... e6 {[%clk 1:30:36]} 4. g3 {
[%clk 1:31:09]} 4... g6 {[%clk 1:21:54]} 5. d4 {[%clk 1:28:38]} 5... cxd4 {
[%clk 1:21:22]} 6. Nxd4 {[%clk 1:29:02]} 6... d6 {[%clk 1:18:16]} 7. Bg2 {
[%clk 1:26:52]} 7... a6 {[%clk 1:13:19]} 8. Nxc6 {[%clk 1:23:35]} 8... bxc6 {
[%clk 1:13:41]} 9. Qd4 {[%clk 1:23:39]} 9... e5 {[%clk 1:12:23]} 10. Qc4 {
[%clk 1:21:17]} 10... Bb7 {[%clk 1:01:58]} 11. Be3 {[%clk 1:17:50]} 11... Nf6 {
[%clk 0:55:34]} 12. Rd1 {[%clk 1:16:44]} 12... Qe7 {[%clk 0:50:31]} 13. Bb6 {
[%clk 1:14:19]} 13... Qe6 {[%clk 0:37:19]} 14. Qa4 {[%clk 1:09:34]} 14... Nd7 {
[%clk 0:34:49]} 15. Ba5 {[%clk 1:06:00]} 15... Be7 {[%clk 0:27:43]} 16. h4 {
[%clk 1:03:12]} 16... Qf6 {[%clk 0:24:16]} 17. Ne2 {[%clk 1:01:45]} 17... Nc5 {
[%clk 0:20:53]} 18. Qa3 {[%clk 0:58:39]} 18... Ne6 {[%clk 0:16:38]} 19. Bb4 {
[%clk 0:57:03]} 19... Nd4 {[%clk 0:15:09]} 20. Nxd4 {[%clk 0:54:29]} 20... exd4
{[%clk 0:15:33]} 21. Qa4 {[%clk 0:52:42]} 21... O-O {[%clk 0:14:24]} 22. Bd2 {
[%clk 0:51:07]} 22... c5 {[%clk 0:14:04]} 23. Bg5 {[%clk 0:51:07]} 23... Qe6 {
[%clk 0:14:07]} 24. O-O {[%clk 0:46:13]} 24... Bxg5 {[%clk 0:13:39]} 25. hxg5 {
[%clk 0:46:37]} 25... Qg4 {[%clk 0:13:45]} 26. c3 {[%clk 0:43:26]} 26... dxc3 {
[%clk 0:13:09]} 27. bxc3 {[%clk 0:43:47]} 27... Rad8 {[%clk 0:12:39]} 28. Qa5 {
[%clk 0:42:07]} 28... Rd7 {[%clk 0:11:28]} 29. Qb6 {[%clk 0:33:41]} 29... Rfd8
{[%clk 0:09:02]} 30. Rfe1 {[%clk 0:33:42]} 30... Qxg5 {[%clk 0:05:46]} 31. e5 {
[%clk 0:33:31]} 31... Bxg2 {[%clk 0:05:49]} 32. Kxg2 {[%clk 0:33:57]} 32...
dxe5 {[%clk 0:05:38]} 33. Rxd7 {[%clk 0:34:19]} 33... Rxd7 {[%clk 0:06:05]} 34.
Qxc5 {[%clk 0:34:03]} 34... Qf6 {[%clk 0:04:51]} 35. Qxe5 {[%clk 0:31:48]}
35... Qc6+ {[%clk 0:04:14]} 36. Qe4 {[%clk 0:30:32]} 36... Qxe4+ { [%clk
0:03:07]} 37. Rxe4 {[%clk 0:30:57]} 37... Rc7 {[%clk 0:03:23]} 38. Ra4 { [%clk
0:31:04]} 38... Rc6 {[%clk 0:03:36]} 39. c4 {[%clk 0:31:14]} 39... Kf8 { [%clk
0:03:26]} 40. Kf3 {[%clk 0:30:09]} 40... Ke7 {[%clk 0:01:06]} 41. c5 { [%clk
0:29:54]} 41... f5 {[%clk 0:00:36]} 42. Kf4 {[%clk 0:28:42]} 42... Kf6 { [%clk
0:00:32]} 43. Ke3 {[%clk 0:27:16]} 43... Ke5 {[%clk 0:30:06]} 44. Ra5 { [%clk
0:55:58]} 44... Kd5 {[%clk 0:29:14]} 45. Kd3 {[%clk 0:56:13]} 45... g5 { [%clk
0:29:13]} 46. Ra4 {[%clk 0:54:27]} 46... h5 {[%clk 0:27:16]} 47. Ke3 { [%clk
0:52:44]} 47... Rf6 {[%clk 0:26:09]} 48. c6 {[%clk 0:52:04]} 48... Rxc6 { [%clk
0:25:40]} 49. Ra5+ {[%clk 0:51:40]} 49... Ke6 {[%clk 0:25:55]} 50. f4 { [%clk
0:51:18]} 50... g4 {[%clk 0:25:35]} 51. Re5+ {[%clk 0:50:53]} 51... Kf6 { [%clk
0:25:54]} 52. Kd3 {[%clk 0:50:27]} 52... Re6 {[%clk 0:24:53]} 53. Ra5 { [%clk
0:50:01]} 53... Kg6 {[%clk 0:21:26]} 54. a3 1/2-1/2

[Event "DEM U16w 2018"]
[Site "Willingen GER"]
[Date "2018.05.23"]
[Round "5"]
[White "Bui, Ngoc Han Julia"]
[Black "Wong, Kar Yan"]
[Result "1-0"]
[Termination "normal"]
[Board "5"]
[WhiteElo "1859"]
[BlackElo "1746"]
[WhiteClock "00:15:23"]
[BlackClock "00:17:30"]
[PlyCount "67"]
[WhiteFideId "12977055"]
[BlackFideId "12971855"]
[EventCountry "GER"]
[EventRounds "9"]
[EventType "swiss"]
[EventDate "2018.05.19"]

1. e4 {[%clk 1:30:58]} 1... c5 {[%clk 1:30:25]} 2. Ne2 {[%clk 1:31:21]} 2... d6
{[%clk 1:30:52]} 3. Nbc3 {[%clk 1:31:46]} 3... e6 {[%clk 1:30:59]} 4. d4 {
[%clk 1:32:04]} 4... cxd4 {[%clk 1:31:25]} 5. Nxd4 {[%clk 1:32:27]} 5... a6 {
[%clk 1:31:49]} 6. Be2 {[%clk 1:32:10]} 6... Nf6 {[%clk 1:27:31]} 7. O-O {
[%clk 1:32:03]} 7... Qc7 {[%clk 1:27:46]} 8. f4 {[%clk 1:32:02]} 8... Nc6 {
[%clk 1:27:27]} 9. Nxc6 {[%clk 1:31:45]} 9... bxc6 {[%clk 1:27:48]} 10. Be3 {
[%clk 1:29:50]} 10... Bb7 {[%clk 1:28:09]} 11. Bf3 {[%clk 1:29:22]} 11... Rd8 {
[%clk 1:25:24]} 12. Qe1 {[%clk 1:25:09]} 12... d5 {[%clk 1:21:35]} 13. Rd1 {
[%clk 1:20:27]} 13... Be7 {[%clk 1:21:06]} 14. Kh1 {[%clk 1:09:29]} 14... c5 {
[%clk 1:20:11]} 15. e5 {[%clk 1:04:50]} 15... Nd7 {[%clk 1:19:13]} 16. Bd2 {
[%clk 1:00:44]} 16... h5 {[%clk 1:15:48]} 17. Na4 {[%clk 0:54:15]} 17... Qb8 {
[%clk 1:13:20]} 18. b3 {[%clk 0:40:20]} 18... g5 {[%clk 1:11:11]} 19. Nb2 {
[%clk 0:35:30]} 19... g4 {[%clk 1:09:24]} 20. Be2 {[%clk 0:34:51]} 20... Rg8 {
[%clk 1:09:25]} 21. Nd3 {[%clk 0:31:00]} 21... d4 {[%clk 1:02:01]} 22. Rg1 {
[%clk 0:28:28]} 22... h4 {[%clk 0:58:40]} 23. Bf1 {[%clk 0:28:06]} 23... h3 {
[%clk 0:58:01]} 24. f5 {[%clk 0:24:48]} 24... exf5 {[%clk 0:54:26]} 25. e6 {
[%clk 0:25:11]} 25... hxg2+ {[%clk 0:52:34]} 26. Bxg2 {[%clk 0:24:47]} 26...
fxe6 {[%clk 0:40:17]} 27. Qxe6 {[%clk 0:24:41]} 27... Nf6 {[%clk 0:35:50]} 28.
Rde1 {[%clk 0:20:55]} 28... Bxg2+ {[%clk 0:18:36]} 29. Rxg2 {[%clk 0:21:09]}
29... Qd6 {[%clk 0:18:31]} 30. Qxf5 {[%clk 0:17:09]} 30... Kf7 {[%clk 0:18:06]}
31. Ne5+ {[%clk 0:16:08]} 31... Kf8 {[%clk 0:18:08]} 32. Ng6+ {[%clk 0:15:06]}
32... Rxg6 {[%clk 0:17:57]} 33. Qxg6 {[%clk 0:15:28]} 33... Qd5 {[%clk 0:17:30]
} 34. Bh6# {[%clk 0:15:23]} 1-0

[Event "DEM U16w 2018"]
[Site "Willingen GER"]
[Date "2018.05.23"]
[Round "5"]
[White "Mundt, Alexandra"]
[Black "Ziegenfuß, Larissa"]
[Result "0-1"]
[Termination "normal"]
[Board "6"]
[WhiteElo "1578"]
[BlackElo "1671"]
[WhiteClock "00:29:55"]
[BlackClock "00:29:52"]
[PlyCount "88"]
[WhiteFideId "16217276"]
[BlackFideId "12974722"]
[EventCountry "GER"]
[EventRounds "9"]
[EventType "swiss"]
[EventDate "2018.05.19"]

1. Nf3 {[%clk 1:30:57]} 1... c5 {[%clk 1:30:51]} 2. c4 {[%clk 1:31:03]} 2...
Nc6 {[%clk 1:31:15]} 3. g3 {[%clk 1:31:22]} 3... e5 {[%clk 1:30:57]} 4. Nc3 {
[%clk 1:31:12]} 4... g6 {[%clk 1:29:51]} 5. Bg2 {[%clk 1:30:29]} 5... Bg7 {
[%clk 1:29:54]} 6. O-O {[%clk 1:29:35]} 6... d6 {[%clk 1:29:25]} 7. d3 { [%clk
1:27:40]} 7... h6 {[%clk 1:28:40]} 8. Rb1 {[%clk 1:24:44]} 8... Nge7 { [%clk
1:26:45]} 9. a3 {[%clk 1:20:44]} 9... a5 {[%clk 1:22:24]} 10. Nd2 { [%clk
1:09:10]} 10... O-O {[%clk 1:16:38]} 11. Nb5 {[%clk 0:57:40]} 11... f5 { [%clk
1:02:21]} 12. f4 {[%clk 0:54:11]} 12... exf4 {[%clk 0:55:59]} 13. Rxf4 { [%clk
0:51:07]} 13... Nd4 {[%clk 0:53:36]} 14. e3 {[%clk 0:43:07]} 14... Nxb5 { [%clk
0:51:17]} 15. cxb5 {[%clk 0:43:05]} 15... g5 {[%clk 0:46:18]} 16. Rf1 { [%clk
0:43:20]} 16... Rb8 {[%clk 0:40:40]} 17. b4 {[%clk 0:39:00]} 17... axb4 { [%clk
0:38:39]} 18. axb4 {[%clk 0:39:22]} 18... b6 {[%clk 0:35:15]} 19. bxc5 { [%clk
0:36:26]} 19... dxc5 {[%clk 0:34:21]} 20. Qb3+ {[%clk 0:35:43]} 20... Kh7
{[%clk 0:30:20]} 21. Bb2 {[%clk 0:34:59]} 21... Bxb2 {[%clk 0:26:33]} 22. Rxb2
{[%clk 0:35:18]} 22... Ng6 {[%clk 0:22:07]} 23. Ra2 {[%clk 0:32:18]} 23... Bb7
{[%clk 0:19:41]} 24. Ra7 {[%clk 0:30:45]} 24... Qc7 {[%clk 0:13:35]} 25. Nc4 {
[%clk 0:15:06]} 25... Ne7 {[%clk 0:09:07]} 26. g4 {[%clk 0:06:57]} 26... Nc8 {
[%clk 0:07:35]} 27. Rxb7 {[%clk 0:07:11]} 27... Rxb7 {[%clk 0:07:58]} 28. Bxb7
{[%clk 0:07:37]} 28... Qxb7 {[%clk 0:08:16]} 29. gxf5 {[%clk 0:07:52]} 29...
Qe7 {[%clk 0:07:34]} 30. e4 {[%clk 0:07:08]} 30... Qd7 {[%clk 0:07:42]} 31. Ne5
{[%clk 0:04:30]} 31... Qd4+ {[%clk 0:07:42]} 32. Rf2 {[%clk 0:04:02]} 32...
Qxe5 {[%clk 0:08:02]} 33. Qa2 {[%clk 0:03:34]} 33... Qd4 {[%clk 0:06:50]} 34.
Qe6 {[%clk 0:03:51]} 34... Qd6 {[%clk 0:06:07]} 35. Qc4 {[%clk 0:04:05]} 35...
Ne7 {[%clk 0:06:06]} 36. Kg2 {[%clk 0:03:21]} 36... Qf6 {[%clk 0:05:59]} 37.
Ra2 {[%clk 0:03:08]} 37... Nc8 {[%clk 0:05:01]} 38. Qd5 {[%clk 0:02:26]} 38...
Qg7 {[%clk 0:03:58]} 39. Qe6 {[%clk 0:01:42]} 39... Qf7 {[%clk 0:00:58]} 40.
Qxf7+ {[%clk 0:00:45]} 40... Rxf7 {[%clk 0:01:20]} 41. Kf3 {[%clk 0:01:12]}
41... Nd6 {[%clk 0:01:07]} 42. Ra6 {[%clk 0:01:01]} 42... Rb7 {[%clk 0:30:13]}
43. f6 {[%clk 0:29:55]} 43... Nf7 {[%clk 0:29:52]} 44. Ke3 Kg6 0-1